000 00502nam a22001937a 4500
003 CEME
005 20210628201809.0
008 210208b xxu||||| |||| 00| 0 eng d
020 _a81-203-0971-5
040 _c.
082 _a621.3192 HUE
100 _aHuelsman, Lawrence P
_956874
245 _aBasic circuit theory
250 _a3RD
260 _aNEW DELHI
_bPRENTICE HALL
_c2002
300 _aXII,755P
650 _aCIRCUIT THEORY.FOURIER SERIES.FOURIER TRANSFORMS
_956875
942 _cBK
_2ddc
999 _c567204
_d567204